सुरस व चमत्कारिक गोष्टी भाग सहावा (Record no. 27393)

MARC details
000 -LEADER
fixed length control field 00647nam a2200145Ia 4500
008 - FIXED-LENGTH DATA ELEMENTS--GENERAL INFORMATION
fixed length control field 090122s9999 xx 000 0 und d
082 ## - DEWEY DECIMAL CLASSIFICATION NUMBER
Item number 3315
Classification number O155:33(B)
100 ## - MAIN ENTRY--PERSONAL NAME
Personal name चिपळूणकर
Numeration विष्णुशास्त्री
245 ## - TITLE STATEMENT
Title सुरस व चमत्कारिक गोष्टी भाग सहावा
600 ## - SUBJECT ADDED ENTRY--PERSONAL NAME
Personal name चिपळूणकर
630 ## - SUBJECT ADDED ENTRY--UNIFORM TITLE
Uniform title सुरस व चमत्कारिक गोष्टी भाग सहावा
700 ## - ADDED ENTRY--PERSONAL NAME
Personal name चिपळूणकर
730 ## - ADDED ENTRY--UNIFORM TITLE
Uniform title सुरस व चमत्कारिक गोष्टी भाग सहावा
942 ## - ADDED ENTRY ELEMENTS (KOHA)
Koha item type Book
Holdings
Withdrawn status Lost status Damaged status Not for loan Home library Current library Date acquired Total Checkouts Full call number Barcode Date last seen Copy number Price effective from Koha item type
        Dombivali Granthasangrahalaya, Dombivali Dombivali Granthasangrahalaya, Dombivali 01/22/2009   3315 DOM-3315 01/22/2009 1 01/22/2009 Book